Dato' Syed Ahmad Jamal : (Record no. 95086)

MARC details
000 -LEADER
fixed length control field 01097nam a2200325 ia4500
001 - CONTROL NUMBER
control field C2-0289711
003 - CONTROL NUMBER IDENTIFIER
control field PPAK
005 - DATE AND TIME OF LATEST TRANSACTION
control field 20240807115038.0
008 - FIXED-LENGTH DATA ELEMENTS--GENERAL INFORMATION
fixed length control field 080902s2003 my ao f o 0 bmay d
020 ## - INTERNATIONAL STANDARD BOOK NUMBER
International Standard Book Number 9679030636
Qualifying information set
International Standard Book Number 9789679030648
Qualifying information paperback
040 ## - CATALOGING SOURCE
Original cataloging agency PPAK
Language of cataloging eng
Transcribing agency PPAK
Description conventions rda
082 04 - DEWEY DECIMAL CLASSIFICATION NUMBER
Edition number 23
Classification number 927.09595
090 20 - LOCALLY ASSIGNED LC-TYPE CALL NUMBER (OCLC); LOCAL CALL NUMBER (RLIN)
Classification number (OCLC) (R) ; Classification number, CALL (RLIN) (NR) 927
Feature heading SYE
Feature heading KSS
Classification number (OCLC) (R) ; Classification number, CALL (RLIN) (NR) 927
Feature heading SYE
Feature heading R
Classification number (OCLC) (R) ; Classification number, CALL (RLIN) (NR) 927.09595
Feature heading SYE
Feature heading KZR
245 00 - TITLE STATEMENT
Title Dato' Syed Ahmad Jamal :
Remainder of title Tokoh Seniman Negara ke 2 /
Statement of responsibility, etc. penyelenggara Zainal Jaslan
264 #1 - PRODUCTION, PUBLICATION, DISTRIBUTION, MANUFACTURE, AND COPYRIGHT NOTICE
Place of production, publication, distribution, manufacture Kuala Lumpur :
Name of producer, publisher, distributor, manufacturer Kementerian Kebudayaan, Kesenian dan Pelancongan Malaysia,
Date of production, publication, distribution, manufacture, or copyright notice 2003
300 ## - PHYSICAL DESCRIPTION
Extent 60 pages :
Other physical details colour photographs ;
Dimensions 22 cm
336 ## - CONTENT TYPE
Source rdacontent
Content type term text
337 ## - MEDIA TYPE
Source rdamedia
Media type term unmediated
338 ## - CARRIER TYPE
Source rdacarrier
Carrier type term volume
490 1# - SERIES STATEMENT
Series statement SIRI TOKOH ANUGERAH SENI NEGARA
600 04 - SUBJECT ADDED ENTRY--PERSONAL NAME
Personal name Syed Ahmad Jamal,
Titles and other words associated with a name Dato'
Dates associated with a name 1929-
650 10 - SUBJECT ADDED ENTRY--TOPICAL TERM
Topical term or geographic name entry element Artists
Geographic subdivision Malaysia
Form subdivision Biography
Topical term or geographic name entry element Drawing
Geographic subdivision Malaysia
Form subdivision Biography
700 0# - ADDED ENTRY--PERSONAL NAME
Personal name Zainal Jaslan,
Relator term compiler.
830 #0 - SERIES ADDED ENTRY--UNIFORM TITLE
Uniform title Siri tokoh anugerah seni negara
942 ## - ADDED ENTRY ELEMENTS (KOHA)
Koha item type Book
Source of classification or shelving scheme Dewey Decimal Classification
Holdings
Withdrawn Not for loan Current library Shelving location Date acquired Full call number Barcode Date last seen Koha item type Total Checkouts
  Not For Loan Perpustakaan Alor Setar Rujukan Dewasa 04/09/2008 R 927 SYE A00815739 09/05/2018 Book  
  Not For Loan Perpustakaan Alor Setar Koleksi Shaidun Shaari 06/09/2012 KSS 927 SYE A00507950 09/05/2018 Book  
  Not For Loan Perpustakaan Alor Setar Koleksi Zahidi Zainol Rashid 18/08/2024 KZR 927.09595 SYE A00367645 18/08/2024 Book  
  Not For Loan Perpustakaan Awam Sungai Petani Rujukan Dewasa 04/09/2008 R 927 SYE A00815740 09/05/2018 Book  
  Not For Loan Perpustakaan Baling Rujukan Dewasa 04/09/2008 R 927 SYE A00815746 09/05/2018 Book  
  Not For Loan Perpustakaan Jitra Rujukan Dewasa 04/09/2008 R 927 SYE A00815741 09/05/2018 Book  
  Not For Loan Perpustakaan Kuala Nerang Rujukan Dewasa 04/09/2008 R 927 SYE A00815744 09/05/2018 Book  
  Not For Loan Perpustakaan Kulim Rujukan Dewasa 04/09/2008 R 927 SYE A00815743 09/05/2018 Book  
  Not For Loan Perpustakaan Langkawi Rujukan Dewasa 04/09/2008 R 927 SYE A00815742 09/05/2018 Book  
  Not For Loan Perpustakaan Sik Rujukan Dewasa 04/09/2008 R 927 SYE A00815745 09/05/2018 Book